Länder nach Bildern von Polizeibeamten - Statistiken

Allgemein
  • Dieses Quiz wurde 548 mal gespielt
  • Das Durchschnittsergebnis liegt bei 9 aus 15
Antwortstatistiken
Bildquiz Antwort % Korrekt
Deutschland
86%
Vereinigte Staaten
84%
Vereinigtes Königreich
83%
Kanada
73%
Russland
72%
Italien
69%
Vereinigte Arabische Emirate
69%
China
68%
Frankreich
63%
Indien
52%
Thailand
41%
Schweden
39%
Spanien
31%
Brasilien
27%
Australien
23%
Keine übereinstimmenden Quizze gefunden
Verteilung der Resultate
Anzahl Personen mit jedem Resultat
Perzentil nach korrekt beantworteten Fragen
Ihre Resultats-Entwicklung
Sie haben dieses Quiz noch nicht gespielt